logo

Bir Sreshtho Munshi Abdur Rouf Library
Jhenaidah Cadet College

গল্পে গল্পে হযরত উমর ফারুক রাহিয়াল্লাহু আনাহুর ১০০ ঘটনা / (Record no. 13446)

MARC details
000 -LEADER
fixed length control field 01167nam a2200253 a 4500
001 - CONTROL NUMBER
JCCL Control Number 13446
003 - CONTROL NUMBER IDENTIFIER
JCCL marc code BD-JhCC
005 - DATE AND TIME OF LATEST TRANSACTION
control field 20230924121121.0
008 - FIXED-LENGTH DATA ELEMENTS--GENERAL INFORMATION
fixed length control field 230720s2020 bg |||| |||| 000 0 eng d
035 ## - SYSTEM CONTROL NUMBER
system control number (BD-JhCC)13446
040 ## - CATALOGING SOURCE
Original cataloging agency BD-JhCC
Modifying agency BD-JhCC
041 ## - LANGUAGE CODE
Language code of Book bengali
082 ## - DEWEY DECIMAL CLASSIFICATION NUMBER
Classification number 297.18
Author mark and Year MIN 2020
100 ## - MAIN ENTRY--PERSONAL NAME
Personal name মিনশাবি, মাওলানা মুহাম্মাদ সিদ্দিক
245 ## - TITLE STATEMENT
Title গল্পে গল্পে হযরত উমর ফারুক রাহিয়াল্লাহু আনাহুর ১০০ ঘটনা /
Statement of responsibility, etc মাওলানা মুহাম্মাদ সিদ্দিক মিনশাবি, মাওলানা ওমর ফারুক (অনু.)
260 ## - PUBLICATION, DISTRIBUTION, ETC. (IMPRINT)
Place of publication, distribution, etc ঢাকা :
Name of publisher, distributor, etc মাকতাবাতুল হিজায;
Date of publication, distribution, etc ২০২০.
300 ## - PHYSICAL DESCRIPTION
Pagination ১১২ পৃ. :
Dimensions ২১ সেমি.
504 ## - BIBLIOGRAPHY, ETC. NOTE
Bibliography, etc গ্রন্থপঞ্জি সংযোজিত।
600 ## - SUBJECT ADDED ENTRY--PERSONAL NAME
Personal name Hazrat Abdullah Ibn Abbas Ra.
650 ## - SUBJECT ADDED ENTRY--TOPICAL TERM
Topical term or geographic name as entry element Muslim legend
650 ## - SUBJECT ADDED ENTRY--TOPICAL TERM
Topical term or geographic name as entry element juvenile literature
700 ## - ADDED ENTRY--PERSONAL NAME
Personal name ফারুক, মাওলানা ওমর
942 ## - ADDED ENTRY ELEMENTS (KOHA)
Source of classification or shelving scheme Dewey Decimal Classification
Koha item type Books
Holdings
Source of classification or shelving scheme Damaged status Not for loan Home library Current library Shelving location Date of accession Cost, normal purchase price Total Checkouts Full call number Barcode Date last seen Date checked out Copy number Method of acquisition Koha item type Currency
Dewey Decimal Classification     JCC Rouf Library JCC Rouf Library General Stacks 09/24/2023 120.00 1 297.18 MIN 2020 18335 04/17/2024 03/04/2024 C-1 Purchase Books BDT

JCC Library | Contacts | JCC Home

Last Update on 23 September 2017
Copyright @ 2017-2020 JCC Rouf Library
Rouf Library, Jhenidah Cadet College (JCC), Bangladesh